000 00501nam a2200181Ia 4500
001 18518
005 20260306171636.0
008 260306s9999||||xx |||||||||||||| ||und||
041 _aESP
082 _a658.406
_bS741
100 _aSkarzynski, Peter
_eAUT
245 0 _aInnovación en el ADN de la organización:
_bel modelo que fransforma la manera en que su empresa innova
260 _c2012
300 _a294 páginas :
_c24 cm.
650 _aGEN
654 _aCAN
942 _cLIB
_dJUS
_fJUS
_2ddc
_n
999 _c18518
_d18518